| Поле | Инд. | ПП | Название | Значение |
|---|---|---|---|---|
| Тип записи | a | |||
| Библиографический уровень | b | |||
| 001 | Контрольный номер | RU/IS/BASE/141482087 | ||
| 005 | Дата корректировки | 20200522190656.0 | ||
| 084 | a | Индекс другой классификации/Индекс ББК | 65.433-21 | |
| 097 | 00 | a | 750 | |
| 100 | 10 | a | Автор | Штогрин А. Б. |
| 245 | 00 | a | Заглавие | Основы управления туристическими ресурсами |
| 504 | 00 | a | Библиография | Библиогр. ссылки |
| 650 | a | Основная рубрика | индустрия гостеприимства и туризма | |
| a | Основная рубрика | экономика | ||
| a | Основная рубрика | экономика туризма | ||
| 653 | 00 | a | Ключевые слова | организация туристической деятельности |
| a | Ключевые слова | развитие туризма | ||
| a | Ключевые слова | Россия | ||
| a | Ключевые слова | рынок услуг | ||
| a | Ключевые слова | туристические услуги | ||
| a | Ключевые слова | управление экономикой | ||
| a | Ключевые слова | услуги | ||
| 773 | 00 | t | Заглавие источника | Вестник Московского университета. Серия 18, Социология и политология |
| d | Дата издания источника | 2000 | ||
| g | Прочая информация | № 4. - С. 128 - 134 | ||
| w | Контрольный № источника | RU/IS/BASE/148579478 | ||
| 901 | t | Тип документа | b |